Apex Legends Weapon Quiz - Statistics

General Stats
  • This quiz has been taken 67 times
  • The average score is 24 of 29
Answer Stats
Weapon Fact Weapon % Correct
The only weapon in the game that has never been out of the care package rotation Kraber
96%
Weapon named after a country in Africa Mozambique
96%
Weapon with the fastest RPM (rounds per minute) R99
94%
A weapon inspired by the iconic AK47 featuring a banana-style mag but placed behind the trigger. Flatline
92%
Weapon denoted as a "revolver" but with more than 6 shots in it's max magazine size Wingman
92%
One of the most versatile weapons working in close and medium range with barely any recoil. R301
90%
Weapon who has 8 shots, an 8 in it's name and firing in an 8 pattern. Eva-8
88%
Weapon that has switched ammo types from: Energy -> Sniper -> Energy in it's lifetime Triple take
88%
Only weapon to fire pellets in a widespread horizontal pattern Mastiff
86%
Weapon who can be charged using a shield cell to increase it's damage Sentinel
86%
Weapon that originally used heavy ammo but switched to light ammo Spitfire
86%
Weapon that utilizes a thermite grenade to boost it's firerate for a limited time Rampage
84%
Weapon with DMR (designated marksman rifle) in it's name despite not being a marksman weapon Longbow
82%
Non-marksman weapon with a lever-action mechanism Peacekeeper
82%
Weapon inspired by the P90 submachine gun Prowler
82%
SMG with a special reload animation when used by Horizon Volt
82%
Weapon that charges up shots when ADS (aiming down sight) increasing their damage 30-30 Repeater
80%
Weapon who ramps up it's firerate when fired Devotion
80%
Weapon favored by Bangalore featuring a special animation when inspected by her G7 Scout
80%
Weapon who switched ammo-type from light- to energy ammo Re-45
78%
Only weapon that can use two types of ammo (switches between hop-ups currently) C.A.R SMG
76%
Weapon tha has a special inspect-animation when inspected by Ballistic P2020
76%
Only weapon who uses this type of ammo (excluding care package weapons) Bocek Compund Bow
74%
Weapon who has a special animation when inspected by Wattson Havoc
74%
Weapon without a magazine size but having an "overheat" feature instead L-star
74%
A weapon that had a complete overhaul to it's firing mechanism changing from hitscan to a projectile. Charge rifle
72%
Only weapon who currently has access to the double tap trigger hop-up Alternator
68%
Weapon originally designed by Rampart that was later stolen and manufactured by a gang. Nemesis
66%
Weapon named after a deadly type of flower Hemlok
64%
No matching quizzes found
Score Distribution
Percent of People with Each Score
Percentile by Number Answered
Your Score History
You have not taken this quiz